Strawberry Kiwi - Rauw Alejandro - Estadísticas

Estadísticas generales
  • Esta prueba ha sido intentada 23 veces
  • La puntuación promedio es 164 de 365
Estadísticas de respuestas
Letra % Correcto
a
100%
alteza
67%
besos
67%
con
67%
Con
67%
es
67%
es...
67%
Es
67%
eso
67%
fresa
67%
hace
67%
hacer
67%
juguito
67%
kiwi
67%
lo
67%
Lo
67%
me
67%
Me
67%
mi
67%
67%
pida
67%
Por
67%
que
67%
Que
67%
sabe
67%
Sabe
67%
saben
67%
to'
67%
todo
67%
tomé
67%
tu
67%
67%
Tus
67%
Voy
67%
adicción
33%
Afrodisiaco
33%
agarrar
33%
ahí
33%
Alejandro
33%
año
33%
ansioso
33%
Baby,
33%
baby
33%
Baje
33%
Bajé
33%
bajo...
33%
béisbol
33%
bella
33%
bien
33%
Bismol
33%
cambiando
33%
canales,
33%
canción
33%
celu
33%
Chris
33%
Colla
33%
color
33%
Como
33%
¿Cómo
33%
como
33%
cómo
33%
Compraría
33%
contigo
33%
control
33%
creciendo
33%
Cuando
33%
culo
33%
darte
33%
de
33%
De
33%
Diablo
33%
días
33%
Dice,
33%
Dímelo
33%
doll
33%
doncella,
33%
Duars
33%
el
33%
El
33%
Ella
33%
ella
33%
ella?
33%
ella,
33%
ella...
33%
Encima
33%
Entertainment
33%
era
33%
escapo
33%
Ese
33%
está
33%
estoy
33%
ey
33%
flor
33%
fuckin
33%
fuera
33%
ganarme
33%
grabando
33%
Había
33%
helado
33%
imagino
33%
juega
33%
Kenobi
33%
la
33%
Le
33%
los
33%
loto
33%
mala
33%
mami,
33%
mesa
33%
mudando
33%
Nadie
33%
niño
33%
número
33%
oil
33%
otra
33%
pa'
33%
Pa'
33%
pasaría
33%
Paul
33%
Pepto
33%
pero
33%
Pero
33%
pierdo
33%
pies,
33%
pones
33%
próximo
33%
puse
33%
quema
33%
quité
33%
Ra'
33%
Rauw
33%
Rauw,
33%
remoto
33%
rica
33%
Rompiendo
33%
rosa
33%
rosita
33%
sabor
33%
sale
33%
se
33%
Sensei
33%
Si
33%
Siempre
33%
siempre
33%
siento
33%
Sigue
33%
Sky
33%
sorpresa
33%
su
33%
sus
33%
Tan
33%
tengo
33%
terminando
33%
tiene
33%
tuyo
33%
un
33%
una
33%
ve
33%
Viendo
33%
y
33%
Ya
33%
ya
33%
yay,
33%
yay
33%
No se encontraron pruebas coincidentes
Distribución de puntuación
Porcentaje de gente con cada puntuación
Porcentaje por número respondido
Historial de tus puntuaciones
No has intentado esta prueba.